Guess the Regular Show Character (by word) - Statistics

General Stats
  • This quiz has been taken 298 times
  • The average score is 13 of 15
Answer Stats
Question Answer % Correct
The boss of the previous two. Benson
100%
Is a blue jay and is also very tall. Mordecai
100%
Is a green short man who thinks he is so buff. Muscle Man
100%
The best friend of the Blue Jay and is short. He is a raccoon. Rigby
100%
Female bird and sometime girlfriend of the blue jay. Margaret
99%
Another female character, best friend of the previous character and girlfriend of the raccoon. Eileen
97%
A ghost with a hand on his head. High 5 Ghost
97%
A jolly old man who likes lollipops. He is also a type of god. Pops
97%
A yeti who is actually immortal. Skips/Walks
97%
Sometime girlfriend of the blue jay, dumps him afterward for purposes. Can turn into a storm when angry. CJ
94%
The adoptive father of the previous character. Owner of the park where the others work. Mr. Maellard
90%
What is the name of the park where the first two work at? Park
81%
Brother of the jolly old man. Also a giant god-like being. Wants to destroy the universe. Malum Kranus
58%
Is a goat and is introduced later in the show, he is a Russian spy. None of the Above
46%
The bad guy in the Regular Show movie. Was the science teacher of the first two and seeks revenge on the raccoon for ruining his basketball game. Mr. Randall Ross
42%
No matching quizzes found
Score Distribution
Percent of People with Each Score
Percentile by Number Answered
Your Score History
You have not taken this quiz